|
|
|
|
| LEADER |
00000nab a2200000 a 4500 |
| 001 |
vtls000809813 |
| 003 |
SK-MaSNL |
| 005 |
20260304111725.0 |
| 008 |
250429c2002 xo 0 slo |
| 015 |
|
|
|a SNBRB2002/10-32119
|
| 035 |
|
|
|a CLN000161468
|
| 035 |
|
|
|a urn:nbn:sk:snk-abd4e8
|
| 035 |
|
|
|a (urnnbn)urn:nbn:sk:snk:ar-007lm6
|
| 035 |
|
|
|a (uuid)c888ef96-fc60-4498-97ba-09903dfa49b7
|
| 040 |
|
|
|a SNKBUCL
|b slo
|c SNKBUCL
|e AACR2
|
| 041 |
0 |
|
|a slo
|
| 044 |
|
|
|a xo
|c SK
|
| 080 |
|
|
|a 616.38-073(437.6)
|2 1997
|
| 100 |
1 |
|
|a Bielik, J.
|4 aut
|9 288665
|
| 245 |
1 |
0 |
|a Abdominálna ultrasonografia na Slovensku v rokoch 1981 až 2000
|c J. Bielik, J. Beňačka
|
| 300 |
|
|
|b Graf, tab.
|
| 504 |
|
|
|a Res. angl., slov.
|
| 504 |
|
|
|a Bibliogr. odkazy
|
| 650 |
0 |
7 |
|a dutina brušná
|x ultrasonografia
|2 snkbucl
|9 1412535
|
| 650 |
0 |
7 |
|a ultrasonografia abdominálna
|z Slovensko
|y 1981-2000
|2 snkbucl
|9 1412536
|
| 655 |
|
7 |
|a články z novín a časopisov
|2 snkbucl
|9 267496
|
| 700 |
1 |
|
|a Beňačka, J.
|4 aut
|9 906123
|
| 773 |
0 |
|
|t Česká a slovenská gastroenterologie a hepatologie
|g Roč. 56, č. 3 (2002), s. 112-116
|x 1213-323X
|
| 850 |
|
|
|a Slovenská národná knižnica
|
| 852 |
|
|
|a Slovenská národná knižnica
|
| 954 |
|
|
|a odborná, vedecká literatúra pôvodná (slovenská)
|2 lita
|
| 958 |
|
|
|a article17
|
| 958 |
|
|
|a OND
|
| 958 |
|
|
|a MI
|
| 958 |
|
|
|a NB
|
| 958 |
|
|
|a EUIPO
|
| 999 |
|
|
|c 2863109
|d 2865039
|